000 01321nam a2200337 i 4500
003 EG-GICUC
005 20260121101514.0
008 251216s2006 ua ||||fr|||| 000 0 ara d
017 _a2005/23450
020 _a977-03-1438-2
040 _a EG-GICUC
_bara
_c EG-GICUC
_d EG-GICUC
_erda
041 0 _aara
082 0 4 _221
_a343.65
_bه د . ت
092 0 4 _221
099 _aLaw1 10 343.65 ه د . ت 2006
100 0 _aهدي حامد قشقوش
_eمؤلف.
245 1 2 _aالتشكيلات العصابية في قانون العقوبات :
_bفي ضوء حكم المحكمة الدستورية العليا /
_cدكتورة هدي حامد قشقوش.
264 1 _aالاسكندرية :
_bدار منشأة المعارف،
_c2006.
300 _a139 صفحة، صفحات غير مرقمة ؛
_c24 سم.
336 _2rda content
_atext
337 _2rda media
_aComputer
338 _2rda carrier
_aOnline Resource
504 _aيشتمل على إرجاعات ببليوجرافية.
504 _aببليوجرافيا: صفحات 121-132.
546 _aالنص باللغة العربية
650 1 _aصور خاصة من الإجرام
_2qrmak
651 1 _2qrmak
856 4 0 _uhttps://fll.law.cu.edu.eg/fulltext/bks/B10-07076.pdf
905 _a62
_eYara
942 _2ddc
_n0
_cBK
_e21
999 _c51026
_d51026